[Event "IV Weekend Hotel Corallo A"]
[Site "Imperia ITA"]
[Date "2009.11.21"]
[Round "3"]
[White "Fassi, Filippo"]
[Black "Coqueraut, Jean Dominique"]
[Result "0-1"]
[WhiteElo "1668"]
[BlackElo "1820"]
[PlyCount "88"]
[EventDate "2009.11.20"]

1. e4 d5 2. exd5 Qxd5 3. Nc3 Qa5 4. d4 c6 5. Nf3 Nf6 6. Bd2 Qc7 7. h3 e6 8. Bd3
Nbd7 9. Ne2 Bd6 10. c4 b6 11. b4 c5 12. bxc5 bxc5 13. Nc3 a6 14. O-O O-O 15.
Be3 Bb7 16. d5 Ne5 17. Ne4 Nxe4 18. Bxe4 Nxf3+ 19. Qxf3 f5 20. Bc2 f4 21. Qh5
g6 22. Bxg6 Qg7 23. Be4 fxe3 24. fxe3 Rxf1+ 25. Rxf1 Rf8 26. Bf3 e5 27. e4 Be7
28. Rb1 Bg5 29. Rb3 Bf4 30. Bg4 Bc8 31. Bxc8 Rxc8 32. Qf5 Rf8 33. Qe6+ Kh8 34.
d6 Rg8 35. Rb2 Be3+ 36. Kh1 Bd4 37. Re2 Qg5 38. g4 Qc1+ 39. Kg2 Qg1+ 40. Kf3
Rf8+ 41. Qf5 Rxf5+ 42. gxf5 Qf1+ 43. Kg3 Qxe2 44. d7 Bf2+ 0-1

[Event "IV Weekend Hotel Corallo A"]
[Site "Imperia ITA"]
[Date "2009.11.21"]
[Round "3"]
[White "Lezzerini, Marco"]
[Black "Ruggeri, Claudio"]
[Result "1/2-1/2"]
[WhiteElo "1575"]
[BlackElo "1879"]
[PlyCount "64"]
[EventDate "2009.11.20"]

1. d4 e6 2. Bf4 Nf6 3. e3 c5 4. c3 Nc6 5. Nd2 Be7 6. Ngf3 O-O 7. Bd3 Re8 8. Qe2
Nd5 9. Bg3 f5 10. O-O a6 11. a4 Nf6 12. Ne5 d5 13. dxc5 Bxc5 14. b4 Be7 15.
Rfd1 Nxe5 16. Bxe5 Bd6 17. Bxd6 Qxd6 18. Nf3 e5 19. Bc2 e4 20. Nd2 Ng4 21. g3
Qh6 22. Nf1 Be6 23. Bb3 Rad8 24. Qa2 Nf6 25. Rd4 Qg6 26. Rad1 Qf7 27. c4 Rd6
28. cxd5 Bc8 29. Rc1 Ng4 30. Rdc4 Bd7 31. Rc7 Rb8 32. a5 Ne5 1/2-1/2

[Event "IV Weekend Hotel Corallo A"]
[Site "Imperia ITA"]
[Date "2009.11.21"]
[Round "3"]
[White "Ljubisavljevic, Zivojin Z."]
[Black "Pesce, Gabriele"]
[Result "1/2-1/2"]
[WhiteElo "2287"]
[BlackElo "2143"]
[PlyCount "104"]
[EventDate "2009.11.20"]

1. d4 Nf6 2. c3 g6 3. Bg5 Bg7 4. Bxf6 exf6 5. e3 f5 6. h4 h5 7. g3 d6 8. Bg2 c6
9. Qb3 Nd7 10. Nh3 Nf6 11. Nd2 Qe7 12. Nf4 Ne4 13. Nxe4 fxe4 14. Qc2 Bf5 15.
Bh3 Bxh3 16. Rxh3 Bh6 17. O-O-O Bxf4 18. gxf4 O-O-O 19. Rhh1 d5 20. c4 dxc4 21.
Qxc4 Rd5 22. Kb1 Kb8 23. Rdg1 Rhd8 24. Rg5 Rxg5 25. hxg5 Rd5 26. Qe2 c5 27. Qc4
Qd7 28. Rd1 cxd4 29. exd4 a6 30. a3 Qb5 31. Qc2 Qe8 32. Qc3 Qd7 33. Qe3 Qe6 34.
Re1 Qd6 35. Qxe4 Rxd4 36. Qe8+ Ka7 37. Qxf7 Rxf4 38. Qb3 Qc5 39. Re6 Rxf2 40.
Ka2 Rf5 41. Rxg6 Rxg5 42. Rh6 Qd5 43. Qxd5 Rxd5 44. Kb3 Rd3+ 45. Kc4 Rh3 46. a4
h4 47. b4 Rh1 48. b5 a5 49. Kb3 h3 50. Kb2 Rh2+ 51. Kb3 Rh1 52. Kb2 Rh2+
1/2-1/2

[Event "IV Weekend Hotel Corallo A"]
[Site "Imperia ITA"]
[Date "2009.11.21"]
[Round "3"]
[White "Mazzeo, Gabriele"]
[Black "Formento, Paolo"]
[Result "1/2-1/2"]
[WhiteElo "1772"]
[BlackElo "1779"]
[PlyCount "189"]
[EventDate "2009.11.20"]

1. e4 e6 2. d4 d5 3. e5 c5 4. c3 Qb6 5. Nf3 Bd7 6. Be2 Bb5 7. Qb3 Bxe2 8. Qxb6
axb6 9. Kxe2 Nc6 10. Be3 c4 11. Nbd2 Nge7 12. Rhb1 b5 13. b3 b4 14. bxc4 bxc3
15. cxd5 Nxd5 16. Nc4 c2 17. Rc1 Nc3+ 18. Kd2 Nxa2 19. Kxc2 b5 20. Nd6+ Bxd6
21. exd6 Kd7 22. Rcb1 Nab4+ 23. Kd2 Kxd6 24. Rxa8 Rxa8 25. Ne5 Ra2+ 26. Kd1 Nd5
27. Bd2 f6 28. Nxc6 Kxc6 29. Rc1+ Kd7 30. Rb1 b4 31. Ke1 Ra4 32. Rb3 Ra3 33.
Rxa3 bxa3 34. Bc1 Nb4 35. Kd2 a2 36. Bb2 Nc6 37. Kc2 e5 38. dxe5 fxe5 39. Kb3
Ke6 40. Kxa2 Nb4+ 41. Kb3 Nd3 42. Kc3 Nxf2 43. Kd2 Ng4 44. h3 Nf6 45. Ke3 Kf5
46. g4+ Ke6 47. g5 Nd5+ 48. Ke4 Nf4 49. h4 Ng6 50. h5 Nf4 51. h6 g6 52. Bxe5
Nh3 53. Bf6 Nf2+ 54. Kf3 Nd3 55. Kg4 Kd5 56. Kf3 Ne5+ 57. Kf4 Nd7 58. Bg7 Nc5
59. Bf6 Ne4 60. Bg7 Nf2 61. Bf6 Nd3+ 62. Kf3 Ke6 63. Ke3 Nb4 64. Ke4 Nd5 65.
Bg7 Ne7 66. Bf6 Nf5 67. Ba1 Nd6+ 68. Kf4 Kd5 69. Bf6 Ne8 70. Ba1 Nc7 71. Bf6
Ne6+ 72. Kf3 Nd4+ 73. Ke3 Nc2+ 74. Kf4 Ne1 75. Bg7 Ng2+ 76. Kg3 Ne3 77. Kf4 Nc4
78. Bf6 Nd2 79. Bh8 Nb3 80. Bg7 Nd4 81. Bf6 Ne6+ 82. Kf3 Nc7 83. Kf4 Ke6 84.
Bg7 Kd5 85. Bf6 Ne6+ 86. Kf3 Nd4+ 87. Kf4 Ne2+ 88. Kf3 Nd4+ 89. Kf4 Nf5 90. Bh8
Nd6 91. Bf6 Ke6 92. Bh8 Ne8 93. Ke4 Nc7 94. Be5 Ne8 95. Bf4 1/2-1/2

[Event "IV Weekend Hotel Corallo A"]
[Site "Imperia ITA"]
[Date "2009.11.21"]
[Round "3"]
[White "Mollero, Michele"]
[Black "Cocuzzi, Edoardo"]
[Result "1/2-1/2"]
[WhiteElo "2181"]
[BlackElo "1972"]
[PlyCount "96"]
[EventDate "2009.11.20"]

1. d4 d5 2. c4 e6 3. Nc3 Nf6 4. Bg5 c6 5. e3 Nbd7 6. cxd5 exd5 7. Bd3 h6 8. Bf4
Nb6 9. Nf3 Bg4 10. h3 Bxf3 11. Qxf3 Bd6 12. O-O Bxf4 13. Qxf4 O-O 14. b4 Qe7
15. b5 Qa3 16. Rfc1 cxb5 17. Bf5 a6 18. Qc7 Nc4 19. e4 Qd6 20. Nxb5 axb5 21.
Rxc4 Nxe4 22. Bxe4 Qxc7 23. Rxc7 dxe4 24. Re7 Rfe8 25. Rxe8+ Rxe8 26. Rd1 Ra8
27. Rd2 Ra6 28. Kf1 Kf8 29. Rb2 Ra4 30. Rxb5 Rxa2 31. Rxb7 Rd2 32. Rd7 Ke8 33.
Rd5 f6 34. Ke1 e3 35. fxe3 Rxg2 36. h4 Rh2 37. h5 Rg2 38. Kf1 Rg5 39. Rxg5 fxg5
40. e4 Kf7 41. d5 g6 42. hxg6+ Kxg6 43. d6 Kf6 44. e5+ Ke6 45. Kg2 h5 46. Kg3
h4+ 47. Kg4 Kd7 48. Kh3 Ke6 1/2-1/2

[Event "IV Weekend Hotel Corallo A"]
[Site "Imperia ITA"]
[Date "2009.11.21"]
[Round "3"]
[White "Moschetto, Giuliano"]
[Black "Pedemonte, Claudio"]
[Result "0-1"]
[WhiteElo "1695"]
[BlackElo "1837"]
[PlyCount "42"]
[EventDate "2009.11.20"]

1. c4 f5 2. b3 e5 3. Bb2 d6 4. g3 Nf6 5. Bg2 g6 6. Nc3 Bg7 7. Nd5 O-O 8. Nxf6+
Qxf6 9. Nf3 Nc6 10. O-O f4 11. Ne1 g5 12. e3 Qh6 13. g4 Ne7 14. h3 Ng6 15. Bd5+
Kh8 16. Kh2 Nh4 17. Ng2 Nxg2 18. Kxg2 Qh4 19. Rh1 fxe3 20. Kh2 Rxf2+ 21. Bg2
Rxg2+ 0-1

[Event "IV Weekend Hotel Corallo A"]
[Site "Imperia ITA"]
[Date "2009.11.21"]
[Round "3"]
[White "Nanni, Sergio"]
[Black "Roversi, Stefano"]
[Result "1-0"]
[WhiteElo "1702"]
[BlackElo "1817"]
[PlyCount "71"]
[EventDate "2009.11.20"]

1. e4 c5 2. Nc3 Nc6 3. f4 d6 4. Bc4 Nf6 5. d3 Bg4 6. Nge2 e6 7. h3 Bxe2 8. Nxe2
Be7 9. a4 O-O 10. O-O d5 11. exd5 exd5 12. Ba2 Nb4 13. Bb3 Qb6 14. a5 Qa6 15.
Be3 c4 16. dxc4 dxc4 17. Ba2 Rfd8 18. Nd4 Bc5 19. c3 Nd3 20. b4 Nd5 21. Qd2
Nxe3 22. Qxe3 Nxb4 23. Qe2 Rxd4 24. cxd4 Bxd4+ 25. Kh1 Bxa1 26. Rxa1 Qf6 27.
Re1 g6 28. Bxc4 Qxf4 29. Rf1 Qd4 30. Rxf7 Nd5 31. Rd7 Rc8 32. Bxd5+ Kh8 33. Kh2
Qf4+ 34. g3 Qd4 35. Be6 Qa1 36. Rd1 1-0

[Event "IV Weekend Hotel Corallo A"]
[Site "Imperia ITA"]
[Date "2009.11.21"]
[Round "3"]
[White "Pesce, Leandro"]
[Black "Carzolio, Luigi"]
[Result "1/2-1/2"]
[WhiteElo "1714"]
[BlackElo "1969"]
[PlyCount "61"]
[EventDate "2009.11.20"]

1. e4 c5 2. Nc3 g6 3. f4 Bg7 4. Nf3 Nc6 5. Nb5 a6 6. Nc3 d6 7. d3 e6 8. Be2
Nge7 9. O-O O-O 10. Kh1 b5 11. Qe1 Nd4 12. Nxd4 cxd4 13. Nb1 Qc7 14. Bd1 Bb7
15. Rf2 Rfe8 16. Re2 Bc6 17. Nd2 f5 18. Nf3 h6 19. Qf2 Qa7 20. Qg3 Qb7 21. Qf2
Qa7 22. Re1 a5 23. e5 Bxf3 24. Bxf3 d5 25. b3 Rec8 26. Bb2 Nc6 27. a3 Bf8 28.
Re2 Bc5 29. Qh4 Qg7 30. g4 Be7 31. Qg3 1/2-1/2

[Event "IV Weekend Hotel Corallo A"]
[Site "Imperia ITA"]
[Date "2009.11.21"]
[Round "3"]
[White "Salerno, Luciano"]
[Black "Rossi Cassani, Gianni"]
[Result "1/2-1/2"]
[WhiteElo "1682"]
[BlackElo "1806"]
[PlyCount "76"]
[EventDate "2009.11.20"]

1. d4 g6 2. c4 Bg7 3. Nc3 b6 4. Nf3 Bb7 5. e4 d6 6. Be2 e6 7. O-O Nd7 8. d5 e5
9. Bg5 Ne7 10. Nd2 h6 11. Be3 g5 12. b4 a6 13. Nb3 Ng6 14. c5 Nf6 15. cxd6 cxd6
16. f3 O-O 17. b5 a5 18. Na4 Nd7 19. Nd2 Nf4 20. Nc4 Nc5 21. Naxb6 Ra7 22. g3
Nxe2+ 23. Qxe2 Qe7 24. Rfc1 f5 25. Nxd6 Nxe4 26. Nxb7 Nxg3 27. hxg3 Qxb7 28.
Rc6 Qf7 29. Rd1 Qh5 30. d6 e4 31. Qc4+ Kh7 32. g4 Qh3 33. Qf1 fxg4 34. Qxh3
gxh3 35. fxe4 Raf7 36. d7 Rf3 37. Bd4 Bxd4+ 38. Rxd4 Rf1+ 1/2-1/2

[Event "IV Weekend Hotel Corallo A"]
[Site "Imperia ITA"]
[Date "2009.11.22"]
[Round "4"]
[White "Barletta, Mauro"]
[Black "Ljubisavljevic, Zivojin Z."]
[Result "1-0"]
[WhiteElo "2210"]
[BlackElo "2287"]
[PlyCount "89"]
[EventDate "2009.11.20"]

1. e4 c6 2. d4 d5 3. e5 Bf5 4. Be3 e6 5. Nd2 Qb6 6. Nb3 a5 7. a4 Bb4+ 8. c3 Be7
9. Ne2 Nd7 10. Nf4 g5 11. Nd3 Bg6 12. Be2 Nh6 13. h4 Nf5 14. Bxg5 Bxg5 15. hxg5
O-O-O 16. Ra3 h6 17. Nbc5 Nxc5 18. Nxc5 Qa7 19. gxh6 Nxh6 20. Qd2 Nf5 21. Rxh8
Rxh8 22. Qg5 b6 23. Nxe6 Rh1+ 24. Kd2 Qe7 25. Qxe7 Nxe7 26. Nf4 Kc7 27. Nxg6
fxg6 28. c4 Rh4 29. cxd5 Nxd5 30. g4 g5 31. Bf3 Nb4 32. Re3 Kd7 33. e6+ Ke7 34.
Re5 Rh2 35. Ke2 Nc2 36. d5 cxd5 37. Bxd5 Rh3 38. Rxg5 Nd4+ 39. Kd2 Kd6 40. Rh5
Rxh5 41. gxh5 Nf5 42. Bc4 Ke7 43. Kd3 Kf6 44. Ke4 Ne7 45. b3 1-0

[Event "IV Weekend Hotel Corallo A"]
[Site "Imperia ITA"]
[Date "2009.11.22"]
[Round "4"]
[White "Carzolio, Luigi"]
[Black "Nanni, Sergio"]
[Result "1-0"]
[WhiteElo "1969"]
[BlackElo "1702"]
[PlyCount "57"]
[EventDate "2009.11.20"]

1. Nf3 d5 2. g3 Nf6 3. Bg2 e6 4. O-O c5 5. d3 Nc6 6. Nbd2 Be7 7. e4 Qc7 8. c3
O-O 9. Re1 dxe4 10. dxe4 b5 11. a4 b4 12. Nc4 Ba6 13. Bf4 Qc8 14. Nfe5 Rd8 15.
Qf3 Nxe5 16. Nxe5 Nd7 17. cxb4 Nxe5 18. Bxe5 f6 19. Bf4 Rd3 20. Be3 e5 21. b5
Bb7 22. Bf1 Rd8 23. Rac1 Rf8 24. Qe2 Rf7 25. Qc2 Rf8 26. Qc4+ Kh8 27. Bxc5 Qe8
28. Bxe7 Qxe7 29. Qc7 1-0

[Event "IV Weekend Hotel Corallo A"]
[Site "Imperia ITA"]
[Date "2009.11.22"]
[Round "4"]
[White "Cocuzzi, Edoardo"]
[Black "Mazzetta, Renato"]
[Result "1/2-1/2"]
[WhiteElo "1972"]
[BlackElo "1913"]
[PlyCount "83"]
[EventDate "2009.11.20"]

1. e4 d5 2. exd5 Qxd5 3. Nc3 Qd6 4. g3 Nf6 5. Bg2 c6 6. d3 Bg4 7. Nge2 e5 8.
Be3 Nbd7 9. a3 Qc7 10. Qd2 Bd6 11. O-O-O Nb6 12. f3 Be6 13. Ne4 Nxe4 14. fxe4
O-O-O 15. Qa5 Kb8 16. Nc3 Nc8 17. Qxc7+ Bxc7 18. Rdf1 Bb6 19. Bxb6 Nxb6 20. h4
h5 21. Bh3 Bxh3 22. Rxh3 f6 23. Rh2 Nd7 24. Rg2 Nf8 25. g4 hxg4 26. Rxg4 Ne6
27. Nd1 Rh7 28. Ne3 Nf4 29. Ng2 Ne6 30. Ne3 Nf4 31. Kd2 Rdh8 32. Rfg1 g6 33.
Ng2 f5 34. exf5 gxf5 35. Rg3 Nxg2 36. R1xg2 Rxh4 37. Rg8+ Rxg8 38. Rxg8+ Kc7
39. Rg7+ Kb6 40. Re7 Rh2+ 41. Kd1 Rh1+ 42. Kd2 1/2-1/2

[Event "IV Weekend Hotel Corallo A"]
[Site "Imperia ITA"]
[Date "2009.11.22"]
[Round "4"]
[White "Formento, Paolo"]
[Black "Lo Dico, Angela"]
[Result "1-0"]
[WhiteElo "1779"]
[BlackElo "1703"]
[PlyCount "83"]
[EventDate "2009.11.20"]

1. e4 d6 2. d4 e6 3. f4 Nf6 4. Nc3 Be7 5. Nf3 O-O 6. Bd3 Nbd7 7. O-O c5 8. e5
dxe5 9. dxe5 Nd5 10. Nxd5 exd5 11. c3 c4 12. Bc2 Nc5 13. Nd4 f5 14. Qe2 Qb6 15.
Qh5 g6 16. Qf3 Ne4 17. Bxe4 dxe4 18. Qe2 Be6 19. Be3 Bc5 20. Kh1 Bxd4 21. Bxd4
Qc6 22. Qf2 a6 23. Bc5 Rf7 24. Bd6 Bd5 25. Qe3 b5 26. Rfd1 Rd7 27. Rd2 Rad8 28.
Rad1 Be6 29. Qf2 Rf7 30. Ra1 Bd5 31. Qe3 Rfd7 32. Rb1 Rxd6 33. exd6 Rxd6 34.
Rbd1 Rd7 35. Kg1 Be6 36. Rxd7 Bxd7 37. Qd4 Qc7 38. Qd5+ Kh8 39. Qxd7 Qxf4 40.
Qe7 Qe3+ 41. Kh1 Qd3 42. Qf8# 1-0

[Event "IV Weekend Hotel Corallo A"]
[Site "Imperia ITA"]
[Date "2009.11.22"]
[Round "4"]
[White "Lezzerini, Marco"]
[Black "Pesce, Leandro"]
[Result "1/2-1/2"]
[WhiteElo "1575"]
[BlackElo "1714"]
[PlyCount "33"]
[EventDate "2009.11.20"]

1. d4 Nf6 2. c4 g6 3. Nc3 Bg7 4. e4 d6 5. f4 O-O 6. Nf3 c5 7. d5 Nbd7 8. Bd3
Ne8 9. Bd2 e5 10. O-O exf4 11. Bxf4 f6 12. Qe1 Ne5 13. Nxe5 fxe5 14. Bd2 Rxf1+
15. Qxf1 Bd7 16. Bc2 Qe7 17. Qe1 1/2-1/2

[Event "IV Weekend Hotel Corallo A"]
[Site "Imperia ITA"]
[Date "2009.11.22"]
[Round "4"]
[White "Pedemonte, Claudio"]
[Black "Giacometto, Mario"]
[Result "1/2-1/2"]
[WhiteElo "1837"]
[BlackElo "1954"]
[PlyCount "141"]
[EventDate "2009.11.20"]

1. c4 e6 2. d4 Nf6 3. Nf3 d5 4. e3 c6 5. Bd3 Be7 6. Nbd2 O-O 7. O-O Nbd7 8. e4
dxe4 9. Nxe4 Nxe4 10. Bxe4 Nf6 11. Bc2 h6 12. b3 c5 13. Bb2 cxd4 14. Bxd4 Qa5
15. Qe2 Qh5 16. Rfe1 a6 17. Bb6 Bd7 18. Ne5 Qxe2 19. Rxe2 Rfc8 20. Rd1 Be8 21.
Red2 a5 22. Bd3 a4 23. Be2 axb3 24. axb3 Ne4 25. Rd3 Nc5 26. Bxc5 Bxc5 27. Bf3
Bc6 28. Bxc6 bxc6 29. Nd7 Ba7 30. c5 Rc7 31. g3 e5 32. Rd6 f6 33. Nb6 Rb8 34.
Rd8+ Rxd8 35. Rxd8+ Kf7 36. Kg2 Bxb6 37. cxb6 Rb7 38. h4 Ke7 39. Ra8 Rxb6 40.
Ra7+ Ke6 41. Rxg7 Rxb3 42. Rg6 h5 43. Rh6 c5 44. Rxh5 c4 45. Rh8 Kd7 46. Rh7+
Kd6 47. Rh8 Rb7 48. Rc8 Kd5 49. h5 Kd4 50. Kf3 Kd3 51. Rd8+ Kc2 52. Ke4 c3 53.
Kf5 Rc7 54. Ra8 Kd1 55. Kxf6 e4 56. Kf5 Re7 57. h6 c2 58. Rd8+ Ke2 59. Rc8 Kd2
60. Rd8+ Ke1 61. Rc8 Kd1 62. Rd8+ Ke1 63. Rc8 Kxf2 64. Rxc2+ Kxg3 65. Kg6 e3
66. h7 Re8 67. Kf7 Rd8 68. Rc7 e2 69. Re7 Kf2 70. Kg7 e1=Q 71. Rxe1 1/2-1/2

[Event "IV Weekend Hotel Corallo A"]
[Site "Imperia ITA"]
[Date "2009.11.22"]
[Round "4"]
[White "Pesce, Gabriele"]
[Black "Mollero, Michele"]
[Result "1-0"]
[WhiteElo "2143"]
[BlackElo "2181"]
[PlyCount "84"]
[EventDate "2009.11.20"]

1. e4 e5 2. f4 exf4 3. Nf3 d6 4. d4 g5 5. h4 g4 6. Ng1 Bg7 7. Bxf4 Nc6 8. Ne2
Nge7 9. Nbc3 h5 10. g3 f5 11. Bg2 fxe4 12. Nxe4 Bf5 13. Qd2 Qd7 14. O-O Bxe4
15. Bxe4 d5 16. Bg2 O-O-O 17. c3 Rde8 18. Nc1 Ng6 19. Bg5 Qd6 20. Ne2 Rhf8 21.
Qd3 Rxf1+ 22. Rxf1 Qe6 23. Rf2 Nce7 24. Bxe7 Nxe7 25. Nf4 Qh6 26. Re2 c6 27.
Qe3 Kd7 28. Re1 Qd6 29. Nxh5 Bh6 30. Qf2 Rf8 31. Qe2 Kd8 32. Qxg4 Nf5 33. Re5
Ne3 34. Qe6 Qxe6 35. Rxe6 Ng4 36. Bh3 Be3+ 37. Kh1 Nf2+ 38. Kg2 Ne4 39. Bg4
Rf2+ 40. Kh3 Rxb2 41. Bf5 Nf2+ 42. Kg2 Ne4+ 1-0

[Event "IV Weekend Hotel Corallo A"]
[Site "Imperia ITA"]
[Date "2009.11.22"]
[Round "4"]
[White "Rossi Cassani, Gianni"]
[Black "Moschetto, Giuliano"]
[Result "1-0"]
[WhiteElo "1806"]
[BlackElo "1695"]
[PlyCount "105"]
[EventDate "2009.11.20"]

1. e4 c5 2. Nf3 b6 3. d4 cxd4 4. Nxd4 Bb7 5. Nc3 g6 6. Be3 Nf6 7. f3 Nc6 8. Qd2
Nxd4 9. Qxd4 Bg7 10. Qd2 O-O 11. g4 h5 12. g5 Ne8 13. Bd4 Rc8 14. Bxg7 Nxg7 15.
O-O-O d6 16. Bh3 Rc6 17. Rhf1 Bc8 18. Bg2 e6 19. Rf2 a6 20. f4 Qc7 21. f5 e5
22. Nd5 Qd8 23. f6 Re8 24. fxg7 Kxg7 25. Rdf1 Be6 26. h4 Rf8 27. Rd1 b5 28. Nb4
Rb6 29. Nd3 Qb8 30. Nb4 a5 31. Nd5 Ra6 32. Bf1 Ra7 33. Qe3 Rb7 34. Rfd2 Rd8 35.
Qf2 Rdd7 36. Be2 Qd8 37. Qf6+ Qxf6 38. Nxf6 Re7 39. Rxd6 Rb8 40. Rd8 Reb7 41.
b3 a4 42. Rxb8 Rxb8 43. Bxb5 axb3 44. axb3 Kf8 45. c4 Ra8 46. Kb2 Ke7 47. Bc6
Rb8 48. Bd5 Bh3 49. Ra1 Be6 50. Ra7+ Kd6 51. Bxe6 Kxe6 52. Nd5 Rf8 53. c5 1-0

[Event "IV Weekend Hotel Corallo A"]
[Site "Imperia ITA"]
[Date "2009.11.22"]
[Round "4"]
[White "Roversi, Stefano"]
[Black "Fassi, Filippo"]
[Result "0-1"]
[WhiteElo "1817"]
[BlackElo "1668"]
[PlyCount "96"]
[EventDate "2009.11.20"]

1. e4 e5 2. Nf3 Nf6 3. Nxe5 d6 4. Nf3 Nxe4 5. c4 Be7 6. Nc3 Nxc3 7. dxc3 O-O 8.
Bd3 Re8 9. Be3 Nc6 10. Qc2 g6 11. O-O-O Bg4 12. h3 Bxf3 13. gxf3 Ne5 14. Be2
Bh4 15. f4 Nd7 16. Kb1 Qe7 17. Bd3 Nc5 18. Bxc5 dxc5 19. f5 Qf6 20. fxg6 hxg6
21. Rhg1 Kh7 22. Bxg6+ fxg6 23. Rd7+ Kh6 24. Qd2+ g5 25. Qd3 Re7 26. Rxe7 Qxe7
27. f4 Qf6 28. fxg5+ Bxg5 29. Rf1 Qg6 30. Qf5 b6 31. Qxg6+ Kxg6 32. Rg1 Rh8 33.
Rg3 Kf5 34. Kc2 Bf4 35. Rg7 Rxh3 36. Rf7+ Ke4 37. Re7+ Be5 38. Kb3 a5 39. Ka4
Re3 40. Kb3 Kd3 41. Rd7+ Bd6 42. Rh7 a4+ 43. Kxa4 Kxc4 44. Rh4+ Kd5 45. Kb5 Re8
46. Rh5+ Be5 47. a4 Ra8 48. b3 Ra5# 0-1

[Event "IV Weekend Hotel Corallo A"]
[Site "Imperia ITA"]
[Date "2009.11.22"]
[Round "4"]
[White "Ruggeri, Claudio"]
[Black "Restifo, Katiuscia"]
[Result "1/2-1/2"]
[WhiteElo "1879"]
[BlackElo "1778"]
[PlyCount "35"]
[EventDate "2009.11.20"]

1. d4 g6 2. c4 Bg7 3. Nf3 Nf6 4. Nc3 d6 5. e4 O-O 6. Be2 Nbd7 7. O-O b6 8. h3
Bb7 9. Bd3 c6 10. Be3 Qc7 11. Qd2 e5 12. d5 c5 13. b4 Nh5 14. a4 a6 15. Rab1
cxb4 16. Rxb4 Nc5 17. Bc2 Rab8 18. Rfb1 1/2-1/2

[Event "IV Weekend Hotel Corallo A"]
[Site "Imperia ITA"]
[Date "2009.11.22"]
[Round "4"]
[White "Tagliano, Maurizio"]
[Black "Mazzeo, Gabriele"]
[Result "1/2-1/2"]
[WhiteElo "1739"]
[BlackElo "1772"]
[PlyCount "74"]
[EventDate "2009.11.20"]

1. e4 e5 2. Nf3 Nc6 3. d4 exd4 4. Nxd4 Nf6 5. Nxc6 bxc6 6. Bd3 Bc5 7. O-O h6 8.
Kh1 O-O 9. e5 Nh7 10. Qh5 Qe7 11. Nc3 Bd4 12. Bf4 Bxc3 13. bxc3 Qe6 14. Bd2 d6
15. Rae1 Qg4 16. Qxg4 Bxg4 17. exd6 cxd6 18. Bf4 d5 19. f3 Be6 20. Bd6 Rfd8 21.
Bc5 a5 22. f4 Re8 23. f5 Bd7 24. Rb1 Rab8 25. Bd4 Nf6 26. Rxb8 Rxb8 27. Kg1 Ne4
28. Bxe4 dxe4 29. g4 Rb5 30. a4 Rd5 31. Bb6 c5 32. Re1 Re5 33. Bc7 Re8 34. Bxa5
Bxa4 35. Re2 Bb5 36. Re3 Ba4 37. Re2 Bb5 1/2-1/2

[Event "IV Weekend Hotel Corallo A"]
[Site "Imperia ITA"]
[Date "2009.11.22"]
[Round "4"]
[White "Tomassoni, Leonardo"]
[Black "Faraci, Antonino"]
[Result "1-0"]
[WhiteElo "1952"]
[BlackElo "1996"]
[PlyCount "45"]
[EventDate "2009.11.20"]

1. e4 g6 2. d4 c6 3. Nc3 d5 4. Nf3 Bg7 5. h3 Nf6 6. e5 Ng8 7. Be3 e6 8. Be2 Nd7
9. O-O Ne7 10. Bd3 a6 11. Ne2 Qc7 12. Nf4 c5 13. c3 c4 14. Bc2 b5 15. Ng5 Nb6
16. Qf3 Nc6 17. h4 h6 18. Nxf7 O-O 19. Nd6 Bxe5 20. dxe5 Nxe5 21. Qg3 Qxd6 22.
Nxg6 Nf7 23. Ne7+ 1-0

[Event "IV Weekend Hotel Corallo A"]
[Site "Imperia ITA"]
[Date "2009.11.22"]
[Round "4"]
[White "Volpara, Riccardo"]
[Black "Tortorella, Giancarlo"]
[Result "1-0"]
[WhiteElo "1577"]
[BlackElo "1858"]
[PlyCount "31"]
[EventDate "2009.11.20"]

1. e4 e5 2. Nf3 Nc6 3. Bb5 a6 4. Bxc6 dxc6 5. d4 exd4 6. Qxd4 Qxd4 7. Nxd4 Bc5
8. Be3 Nf6 9. f3 O-O 10. Nd2 Re8 11. O-O-O b5 12. Rhe1 Bb7 13. N2b3 Bb6 14. Nf5
g6 15. Bxb6 cxb6 16. Nd6 1-0

[Event "IV Weekend Hotel Corallo A"]
[Site "Imperia ITA"]
[Date "2009.11.22"]
[Round "5"]
[White "Biancotti, Alessandro"]
[Black "Ruggeri, Claudio"]
[Result "1-0"]
[WhiteElo "1912"]
[BlackElo "1879"]
[PlyCount "126"]
[EventDate "2009.11.20"]

1. e4 e6 2. d4 d5 3. Nd2 c5 4. exd5 exd5 5. Ngf3 Nf6 6. Bd3 c4 7. Be2 Bd6 8.
O-O O-O 9. b3 b5 10. c3 Bg4 11. h3 Bh5 12. a4 bxa4 13. bxc4 Re8 14. c5 Bc7 15.
Re1 Ba5 16. Bb2 Nc6 17. Qxa4 Rb8 18. Bb5 Rxe1+ 19. Nxe1 Nxd4 20. Qxd4 Rxb5 21.
Nd3 Bg6 22. Ba3 Qe8 23. Re1 Qb8 24. Nb4 Qc8 25. Nxd5 Nxd5 26. Qxd5 Bxc3 27. Rc1
Ba5 28. Nf3 Bc7 29. Re1 Qb8 30. Qd7 f6 31. Nd4 Rb1 32. Qe6+ Bf7 33. Qe3 Be5 34.
Nf3 Rb3 35. Qc1 Rc3 36. Qb2 Rb3 37. Qc1 Bf4 38. Qa1 Qc8 39. Qd4 Bb8 40. Qa4 Rc3
41. Qa5 Rd3 42. Bc1 Qb7 43. Qa4 h6 44. Qg4 Rd5 45. Bxh6 Bh5 46. Qe6+ Kh7 47. c6
Qb5 48. Be3 Bxf3 49. gxf3 Rf5 50. Qd7 Rd5 51. Qe8 Qb4 52. Rc1 Qd6 53. f4 Bc7
54. Qe4+ f5 55. Qf3 Kg8 56. Bxa7 Ra5 57. Be3 Ra4 58. Rd1 Qf6 59. Kh2 Re4 60.
Rc1 g5 61. Rg1 Kf8 62. Qh5 Qxc6 63. Qxg5 Qe6 1-0

[Event "IV Weekend Hotel Corallo A"]
[Site "Imperia ITA"]
[Date "2009.11.22"]
[Round "5"]
[White "Coqueraut, Jean Dominique"]
[Black "Pedemonte, Claudio"]
[Result "1-0"]
[WhiteElo "1820"]
[BlackElo "1837"]
[PlyCount "103"]
[EventDate "2009.11.20"]

1. d4 f5 2. g3 Nf6 3. Bg2 g6 4. c4 d6 5. Nc3 Bg7 6. Nf3 O-O 7. O-O Nc6 8. d5
Ne5 9. Nxe5 dxe5 10. c5 e4 11. Qb3 Kh8 12. Rd1 Nd7 13. c6 Nc5 14. Qb4 b6 15.
Be3 a5 16. Qa3 Na6 17. Nb5 Nb4 18. Qb3 Na6 19. Rd2 Qe8 20. Rc1 Qf7 21. a3 h6
22. f4 Kh7 23. Qc2 Bf6 24. Bd4 Bxd4+ 25. Rxd4 Qf6 26. e3 g5 27. Rf1 Rg8 28.
fxg5 Qxg5 29. Qf2 e5 30. Rd2 Kh8 31. Bh3 f4 32. exf4 exf4 33. Qd4+ Rg7 34. Bxc8
Rxc8 35. Rxf4 Nc5 36. Qf6 e3 37. Re2 Qxd5 38. Qxh6+ Kg8 39. Nd4 Re8 40. Rh4 Re6
41. Qh8+ Kf7 42. Rf4+ Rf6 43. Rxf6+ Kxf6 44. Qh4+ Kf7 45. Qf4+ Kg8 46. Rxe3 Qh5
47. Qe5 Qd1+ 48. Re1 Qd2 49. Qe8+ Kh7 50. Qh5+ Qh6 51. Qxh6+ Kxh6 52. Nf5+ 1-0

[Event "IV Weekend Hotel Corallo A"]
[Site "Imperia ITA"]
[Date "2009.11.22"]
[Round "5"]
[White "Faraci, Antonino"]
[Black "Rossi Cassani, Gianni"]
[Result "1/2-1/2"]
[WhiteElo "1996"]
[BlackElo "1806"]
[PlyCount "25"]
[EventDate "2009.11.20"]

1. e4 g6 2. d4 Bg7 3. Nc3 d6 4. Be2 Nd7 5. Be3 e6 6. Qd2 a6 7. h4 h5 8. Nf3 c6
9. Ng5 Nh6 10. f4 Nf6 11. e5 Nfg4 12. Bxg4 Nxg4 13. Nce4 1/2-1/2

[Event "IV Weekend Hotel Corallo A"]
[Site "Imperia ITA"]
[Date "2009.11.22"]
[Round "5"]
[White "Giacometto, Mario"]
[Black "Carzolio, Luigi"]
[Result "1/2-1/2"]
[WhiteElo "1954"]
[BlackElo "1969"]
[PlyCount "99"]
[EventDate "2009.11.20"]

1. e4 c5 2. Nf3 g6 3. d4 cxd4 4. Nxd4 Nc6 5. Be3 Nf6 6. Nc3 Bg7 7. Bc4 O-O 8.
Qd2 Ng4 9. Nxc6 dxc6 10. Qxd8 Rxd8 11. Bg5 Kf8 12. h3 Ne5 13. Bb3 h6 14. Be3 g5
15. f3 Ng6 16. g3 Be5 17. Kf2 Bd4 18. Rad1 Bxe3+ 19. Kxe3 Rxd1 20. Nxd1 e5 21.
Nf2 h5 22. h4 gxh4 23. gxh4 Ke7 24. Nd3 a5 25. c3 a4 26. Bd1 Be6 27. a3 Bc4 28.
Nf2 b5 29. Rh2 Rd8 30. Bc2 Rd6 31. Nh1 Nf4 32. Ng3 Be6 33. Ne2 Nxe2 34. Rxe2
Bc4 35. Rg2 Rg6 36. Rxg6 fxg6 37. f4 Kf6 38. Kf3 Be6 39. Kg3 Bc4 40. Kf3 Be6
41. Bd3 Bb3 42. Bb1 Bc4 43. f5 g5 44. Kg3 g4 45. Bc2 Kg7 46. Kf2 Kf6 47. Ke3
Ke7 48. Bd1 Kf6 49. Kd2 Kg7 50. Ke3 1/2-1/2

[Event "IV Weekend Hotel Corallo A"]
[Site "Imperia ITA"]
[Date "2009.11.22"]
[Round "5"]
[White "Ljubisavljevic, Zivojin Z."]
[Black "Cocuzzi, Edoardo"]
[Result "0-1"]
[WhiteElo "2287"]
[BlackElo "1972"]
[PlyCount "30"]
[EventDate "2009.11.20"]

1. e4 e5 2. f4 exf4 3. Nf3 Be7 4. Bc4 Bh4+ 5. Nxh4 Qxh4+ 6. Kf1 d6 7. d4 Nf6 8.
Nc3 Nh5 9. Kg1 c6 10. Bd2 Bg4 11. Be2 Bxe2 12. Qxe2 O-O 13. Rf1 f5 14. g3 fxg3
15. hxg3 Qxh1+ 0-1